Koordinovaný prejazd prepojených vozidiel križovatkou

Na minha lista:
Detalhes bibliográficos
Autor principal: Lovás, Lukáš (Author)
Outros Autores: Juraško, Jozef (Thesis advisor)
Formato: Manuscrito Livro
Idioma:eslovaco
Publicado em: 2025
Assuntos:
Acesso em linha:http://is.stuba.sk/zp/portal_zp.pl?podrobnosti=175517
Tags: Adicionar Tag
Sem tags, seja o primeiro a adicionar uma tag!

MARC

LEADER 00000ntm a22000003a 4500
001 stuzp102917
003 SK-STU
005 20250614211808.0
007 ta
008 150427s2015----xo-----f-mn---000-0-slo-d
040 |a STU  |b slo 
041 0 |a slo 
100 1 |a Lovás, Lukáš  |u 070400  |4 aut  |U FIIT Fakulta informatiky a informačných technológií  |T FIIT Ústav počítačového inžinierstva a aplikovanej informatiky  |X 120964  |U I400  |Y 672  |7 120964 
242 0 1 |a Coordinated control of connected vehicles in an intersection  |y eng 
245 1 0 |a Koordinovaný prejazd prepojených vozidiel križovatkou 
260 |c 2025 
650 4 |a Virtual platooning  |2 eng 
650 4 |a Traffic efficiency  |2 eng 
650 4 |a Vehicle-2-Everything  |2 eng 
650 4 |a Virtual platooning  |2 slo 
650 4 |a Vehicle-2-Everything  |2 slo 
650 4 |a Efektívnosť dopravy  |2 slo 
700 1 |a Juraško, Jozef  |u 070400  |k Z3  |4 ths  |U FIIT Fakulta informatiky a informačných technológií  |T FIIT Ústav počítačového inžinierstva a aplikovanej informatiky  |X 96907  |U I400  |Y 672  |7 96907 
856 4 |u http://is.stuba.sk/zp/portal_zp.pl?podrobnosti=175517